La personalidad del maestro
محفوظ في:
| المؤلف الرئيسي: | |
|---|---|
| التنسيق: | كتاب |
| اللغة: | الإسبانية |
| منشور في: |
Buenos Aires
Paidós
1980
|
| سلاسل: | Biblioteca del educador contemporáneo, 21
|
| الموضوعات: | |
| الوسوم: |
إضافة وسم
لا توجد وسوم, كن أول من يضع وسما على هذه التسجيلة!
|
MARC
| LEADER | 00000nam a2200000 a 4500 | ||
|---|---|---|---|
| 001 | UCY8129 | ||
| 003 | CL-VaPUC | ||
| 008 | 950623e19800000AG |||||||||||||||||spa|d | ||
| 082 | 0 | 4 | |a 371.1 |b JER |2 21 |
| 100 | |a Jersild, Arthur Thomas |e author |9 568688 | ||
| 245 | 1 | 3 | |a La personalidad del maestro |
| 300 | |a 163 p | ||
| 942 | |c BK | ||
| 945 | |d 19950623 00:00:00 |a cmena | ||
| 260 | |a Buenos Aires |b Paidós |c 1980 | ||
| 650 | 0 | |a Docentes |9 311365 | |
| 650 | 0 | |a Personalidad |9 307255 | |
| 650 | 0 | |a Ansiedad |9 307519 | |
| 650 | 0 | |a Psicología educacional |9 307830 | |
| 650 | 0 | |a Problemas sociales |9 258537 | |
| 583 | |a last modification |c 20130326 02:39:01 |k Rodrigo Vera | ||
| 490 | 0 | |a Biblioteca del educador contemporáneo, 21 | |
| 999 | |c 235407 |d 235405 | ||
| 952 | |0 0 |1 0 |4 0 |6 371_100000000000000_JER_1980 |7 0 |8 P |9 242802 |a BIBEDU |b BIBEDU |c BIBEDU_PB |d 2019-11-18 |i 1522892 |o 371.1 JER 1980 |p 1522892 |r 2024-01-25 |w 2019-11-18 |y BK |k EDU | ||
| 952 | |0 0 |1 0 |4 0 |6 371_100000000000000_JER_1980 |7 0 |8 P |9 242803 |a BIBEDU |b BIBEDU |c BIBEDU_PB |d 2019-11-18 |i 1629204 |o 371.1 JER 1980 |p 1629204 |r 2024-01-25 |w 2019-11-18 |y BK |k EDU | ||